Normal view
MARC view
Entry Personal Name
001 - CONTROL NUMBER
- control field: 42073
003 - CONTROL NUMBER IDENTIFIER
- control field: dpl
005 - DATE AND TIME OF LATEST TRANSACTION
- control field: 20120215115208.0
008 - FIXED-LENGTH DATA ELEMENTS
- fixed length control field: 120215|||a|||||| | ||| d
040 ## - CATALOGING SOURCE
- Original cataloging agency: dpl
- Transcribing agency: dpl
100 ## - HEADING--PERSONAL NAME
- Personal name: नायडू, वायु
670 ## - SOURCE DATA FOUND
- Source citation: Work cat.: (dpl)62830: नायडू, वायु, फुँकारो दोस्त,काटो नहीं:, 2009
670 ## - SOURCE DATA FOUND
- Source citation: Work cat.: (dpl)62830: नायडू, वायु, फुँकारो दोस्त,काटो नहीं:, 2009
